| 000 | 00378nam a2200145 i 4500 | ||
|---|---|---|---|
| 001 | 43347 | ||
| 003 | ES-MaACL | ||
| 005 | 20230906160757.0 | ||
| 007 | t| | ||
| 008 | 030317s1971 sp ||||1| lat d | ||
| 245 | 0 | 0 | _aCatalogus Provinciae Baeticae Societatis Jesu, 1972. |
| 260 |
_a[S.l. : _bs.n., _c1971] |
||
| 300 |
_a130 p. ; _c21 cm. |
||
| 852 |
_aES-MaACL _jC-44243 _bR.80105 |
||
| 999 |
_c43347 _d43347 |
||